01244nam a22003737a 4500003000500000005001700005008004100022010001000063011001000073020001500083035001100098040000900109082002200118100002500140245006100165250001000226260003400236300001100270490002200281534005100303590004100354590004100395590004100436590004200477650001800519650003800537830003000575901000700605911001500612942001000627949007400637999001700711952014200728CHAP20220329143521.0100324s1980 es r 00010 spa d a97868 a98840 a8473670469 a109525 cCHAP04a305.42bR25y 198000aReed, Evelyn.99540610aSexo contra sexo o clase contra clasec/ por Evelyn Reed a2 ed. aBarcelona :bFontamara,c1980 a162 p. 0aTextos femenistas pTit. original :tProblems of wome's liberation aBATCH-UPDb10c20130110lUCH01h1113 aBATCH-UPDb10c20130410lUCH01h0704 aBATCH-UPDb10c20130914lUCH01h1833 aCONVERSIONb10c20130109lUCH01h135414aMujer.97931214aMujerxSituación social.979329 0aTextos femenistas9112576 aBK aen proceso cLIBRO a305.42 R25y 1980bBCcLIBROd33724002163595eLIBROh112032i109525sb c97868d97868 00102ddc4052708GRALaBCbBCcPA_GRALd2019-12-31fLIBROl0o305.42 R25y 1980p33724002163595r2019-12-31 00:00:00w2019-12-31yLIBRO